000 nam a22 7a 4500
999 _c29307
_d29307
008 171125b xxu||||| |||| 00| 0 eng d
020 _a8171413919
050 _aSF 245 .M35 1997
100 _aMalik, Bala Singh.
_d1997.
245 _aFarm Women :
_bTheir Roles and Training Needs /
_cBala Singh Malik.
250 _a1st ed.
260 _aIndia:
_bDiscovery,
_c1997.
300 _axi, 107p. :
_bill.;
_c22cm.
650 _aWomen dairy farmers.
942 _2lcc
_cBOOKS
_hSF 245 .M35 1997